Films Disney par images d'animaux #2 - Statistiques

Statistiques générales
  • Ce quiz a été pris 254 fois
  • Le résultat moyen est 15 sur 20
Statistiques - réponses
Par images Réponse % Correct
Le Roi lion
99%
Les 101 Dalmatiens
95%
Les Aristochats
94%
Bambi
93%
Raiponce
89%
Les Aventures de Winnie l'ourson
88%
Tarzan
83%
Rox et rouky
81%
Hercule
80%
Robin des Bois
80%
Frère des ours
79%
La Belle et le Clochard
76%
La Princesse et la Grenouille
76%
Dumbo
65%
Merlin l'Enchanteur
63%
Chicken Little
58%
La ferme se rebelle
58%
Les Aventures de Bernard et Bianca
57%
La Belle et la Bête
55%
Wish : Asha et la Bonne Étoile
43%
Aucun quiz correspondant
Distribution des résultats
% des personnes avec chaque résultat
Percentile par nombre de réponses
Votre historique - résultats
Vous n’avez pas pris ce quiz